00000000nam##2200000za#4500
0019.600615
003CaOODSP
00520210624205654
007cr |||||||||||
008150406|1990||||xxc|||||o    f|0| 0 fre|d
040 |aCaOODSP|bfre
043 |an-cn---
0861 |aNH18-1/66-1990F-PDF
1102 |aSociété canadienne d'hypothèques et de logement.
24510|aEnquête sur l'impact médical d'un changement d'habitat sur les personnes hypersensibles à l'environnement / |h[ressource électronique]|cpar Stephen R. Barron.
260 |aOttawa - Ontario : |bSociété canadienne d'hypothèques et de logement |c1990.
300 |a93p.|bréférences
4901 |aRapport de recherche
590 |a11-06-Supp|b2011-04-14
7201 |aBarron, Stephen R.
830#0|aResearch report (Société canadienne d'hypothèques et de logement : En ligne)|w(CaOODSP)9.502470
85640|ahttp://publications.gc.ca|qPDF|s962.9 Ko|uhttps://publications.gc.ca/collections/collection_2011/schl-cmhc/nh18-1/NH18-1-66-1990-fra.pdf